000 00250nam a22001097a 4500
082 _a920/VER
100 _aVerma,Dr.B.P.
_981599
245 _aJayprakash Narayan
260 _aDelhi
_bAadhar Book Company
_c2019
650 _aBiography
942 _cBK
999 _c65740
_d65740